000 01034nam a2200337 a 4500
999 _c11372
_d11372
001 11372
003 BD-JhCC
005 20190902131057.0
008 190902s1998 nyua c e 001 0 eng
010 _a 98016657
020 _a0789434113 (alk. paper)
020 _a0751357979
040 _aDLC
_cDLC
_dDLC
_dBD-JhCC
042 _alcac
050 0 0 _aQH48
_b.D56 1998
082 0 0 _a508/.03
_221
_bDKN 1998
110 _4DK Publishing, Inc.
245 0 4 _aThe DK nature encyclopedia /
_cDK Publishing, Inc.
246 3 0 _aNature Encyclopedia
250 _a1st American ed.
260 _aNew York :
_bDK Pub.,
_c1998.
300 _a304 p. :
_bcol. ill. ;
_c29 cm.
500 _aIncludes index.
520 _aCovers the processes and life forms of the natural world from A to Z.
650 0 _aNatural history
_xEncyclopedias, Juvenile.
650 0 _aNature
_xEncyclopedias, Juvenile.
650 1 _aNatural history
_xEncyclopedias.
650 1 _aNature
_xEncyclopedias.
710 2 _aDK Publishing, Inc.
942 _2ddc
_cBK